000
00326nam a2200133Ia 4500
008
210716s2012 xx 000 0 und d
041
_a
eng
082
_a
374.22 MANO
245
_a
Manorama: yearbook 2012.
_b
Yearbook 2012.
250
_a
1
260
_a
New Delhi
_b
Malayala Monorama
_c
2012
300
_a
1038
650
_a
None
999
_c
207267
_d
207267